|
|
|
|
| LEADER |
03215nam a2200421 a 4500 |
| 001 |
GR-Patra30680 |
| 008 |
110920s2000 gr g b 000 0 gre d |
| 020 |
|
|
|a 9608122821
|
| 040 |
|
|
|a GrPaTEI
|b gre
|c GR-PaULI
|
| 040 |
|
|
|a GrPaTEI
|b gre
|c GR-PaULI
|
| 082 |
|
0 |
|a 616.025
|2 21
|
| 100 |
1 |
|
|a Mengert, Terry J.
|
| 245 |
1 |
0 |
|a Επείγουσα θεραπευτική =
|b Emergency medical therapy /
|c Terry J. Mengert, Mickey S. Eisenberg, Michael K. Copass ; Επιμέλεια ελληνικής έκδοσης / μετάφρασης Γ. Ι. Μπαλτόπουλος ; Μετάφραση: Α. Δαμιανός ... [κ.ά.].
|
| 250 |
|
|
|a 4η έκδ.
|
| 260 |
|
|
|a Αθήνα :
|b Ιατρικές Εκδόσεις Π. Χ. Πασχαλίδη,
|c 2000
|
| 300 |
|
|
|a 1204σ.
|
| 500 |
|
|
|a Σύστημα "ΕΥΔΟΞΟΣ": αρ. εισ. 52801, 53669 - 53671, 57709, 58518 - 58519, 61559
|
| 504 |
|
|
|a Περιλαμβάνει βιβλιογραφικές αναφορές.
|
| 610 |
|
4 |
|a Σύστημα ΕΥΔΟΞΟΣ
|
| 650 |
|
0 |
|a MEDICAL EMERGENCIES
|
| 650 |
|
4 |
|a ΕΠΕΙΓΟΥΣΑ ΙΑΤΡΙΚΗ
|
| 700 |
1 |
|
|a Copass, Michael K.
|
| 700 |
1 |
|
|a Eisenberg, Mickey S.
|
| 700 |
1 |
|
|a Δαμιανός, Α.
|
| 700 |
1 |
|
|a Μπαλτόπουλος, Γεώργιος Ι.
|
| 710 |
0 |
|
|a Πασχαλίδης.
|b Π. Χ.
|
| 942 |
|
|
|2 ddc
|
| 952 |
|
|
|0 0
|1 0
|2 ddc
|4 0
|6 616_025000000000000_MEN
|7 0
|9 312534
|a LISK
|b LISK
|c EUD
|d 2021-01-17
|e 24
|f 0
|g 0.00
|l 0
|o 616.025 MEN
|p 92410055405
|r 2021-01-17 00:00:00
|t 1
|w 2021-01-17
|y BK15
|x 20130329 0 1
|x GrPaTEI
|
| 952 |
|
|
|0 0
|1 0
|2 ddc
|4 0
|6 616_025000000000000_MEN
|7 0
|9 312535
|a LISK
|b LISK
|c EUD
|d 2021-01-17
|e 24
|f 0
|g 0.00
|l 0
|o 616.025 MEN
|p 92410055406
|r 2021-01-17 00:00:00
|t 1
|w 2021-01-17
|y BK15
|x 20130329 0 1
|x GrPaTEI
|
| 952 |
|
|
|0 0
|1 0
|2 ddc
|4 0
|6 616_025000000000000_MEN
|7 0
|9 312536
|a LISK
|b LISK
|c EUD
|d 2021-01-17
|e 24
|f 0
|g 0.00
|l 0
|o 616.025 MEN
|p 92410058519
|r 2021-01-17 00:00:00
|t 1
|w 2021-01-17
|y BK15
|x 20140114 0 1
|x GrPaTEI
|
| 952 |
|
|
|0 0
|1 0
|2 ddc
|4 0
|6 616_025000000000000_ΜΕΝ
|7 0
|9 312537
|a LISK
|b LISK
|c EUD
|d 2021-01-17
|e 24
|f 0
|g 0.00
|l 0
|o 616.025 ΜΕΝ
|p 92410053669
|r 2021-01-17 00:00:00
|t 1
|w 2021-01-17
|y BK15
|x 20130125 0 1
|x GrPaTEI
|
| 952 |
|
|
|0 0
|1 0
|2 ddc
|4 0
|6 616_025000000000000_ΜΕΝ
|7 0
|9 312538
|a LISK
|b LISK
|c EUD
|d 2021-01-17
|e 24
|f 0
|g 0.00
|l 0
|o 616.025 ΜΕΝ
|p 92410053670
|r 2021-01-17 00:00:00
|t 1
|w 2021-01-17
|y BK15
|x 20130125 0 1
|x GrPaTEI
|
| 952 |
|
|
|0 0
|1 0
|2 ddc
|4 0
|6 616_025000000000000_ΜΕΝ
|7 0
|9 312540
|a LISK
|b LISK
|c EUD
|d 2021-01-17
|e 24
|f 0
|g 0.00
|l 0
|o 616.025 ΜΕΝ
|p 92410057709
|r 2021-01-17 00:00:00
|t 1
|w 2021-01-17
|y BK15
|x 20131030 0 1
|x GrPaTEI
|
| 952 |
|
|
|0 0
|1 0
|2 ddc
|4 0
|6 616_025000000000000_MEN
|7 1
|9 312541
|a LISK
|b LISK
|c EUD
|d 2021-01-17
|e 24
|f 0
|g 0.00
|l 0
|o 616.025 MEN
|p 92410058518
|r 2021-01-17 00:00:00
|t 1
|w 2021-01-17
|y BKN
|x 20140114 0 0
|x GrPaTEI
|
| 952 |
|
|
|0 0
|1 0
|2 ddc
|4 0
|6 616_025000000000000_MEN
|7 1
|9 312542
|a LISK
|b LISK
|c BSC
|d 2021-01-17
|e 24
|f 0
|g 0.00
|l 0
|o 616.025 MEN
|p 92410060108
|r 2021-01-17 00:00:00
|t 1
|w 2021-01-17
|y BKN
|x 20150114 0 0
|x GrPaTEI
|
| 952 |
|
|
|0 0
|1 0
|2 ddc
|4 0
|6 616_025000000000000_MEN
|7 1
|9 312543
|a LISK
|b LISK
|c EUD
|d 2021-01-17
|e 24
|f 0
|g 0.00
|l 0
|o 616.025 MEN
|p 99241000061559
|r 2021-01-17 00:00:00
|t 1
|w 2021-01-17
|y BKN
|x 20160321 0 0
|x GrPaTEI
|
| 971 |
|
|
|a .b26782522
|b 16-04-20
|c 26-09-16
|
| 999 |
|
|
|c 179175
|d 179175
|